000 00307nam a22001337a 4500
020 _a978-81-8133-466-4
082 _a823
_bANI/V
100 _aANILKUMAR
245 _aVIKRAM BETAL STORIES
260 _aDELHI
_bMANOJ PUBLICATIONS
_c2012
300 _a148
650 _aENGLISH SHORT STORY
_zDELHI
942 _cBK
999 _c3105
_d3105